|
|
|
|
| LEADER |
00000nsb a2200000 a 4500 |
| 005 |
20230308204603.0 |
| 008 |
011112| ||||||||r|||||||||||spa|| |
| 022 |
|
|
|a 1315-7272
|
| 040 |
|
|
|b spa
|
| 041 |
1 |
|
|a spa
|
| 082 |
0 |
|
|a 617.605
|
| 245 |
|
|
|a Influencia de los materiales de obturación radicular en la adherencia de los pernos pasivos
|c Dino Re y andrea Poggio
|h imp
|n 4 - Número 3 - 1998
|
| 264 |
|
|
|a Caracas
|b Actualidades Médico Odontológicas Latinoamérica
|c 1998
|
| 300 |
|
|
|a pp 11-16
|b ilu
|
| 300 |
|
|
|c 30 cm
|
| 310 |
|
|
|a Trimestral
|
| 504 |
|
|
|a incl. ref.
|
| 520 |
3 |
|
|a La retención de los pernos pasivos no es únicamente de tipo mecánico, sino que además, presenta una naturaleza físico-química que utiliza la adherencia del cemento a la dentina. El objetivo del presente estudio es determinar si las maniobras de cierre del endodonto pueden interferir con la adherencia del material a la dentina radicular
|
| 650 |
|
|
|a Endodoncia
|9 83200
|
| 650 |
|
|
|a Pernos pasivos
|9 282490
|
| 650 |
|
|
|a Obturación radicular
|9 282491
|
| 650 |
|
|
|a Dentina
|9 88609
|
| 650 |
|
|
|a Material resinoso
|9 282492
|
| 700 |
|
|
|a Re, Dino
|9 100627
|
| 700 |
|
|
|a Poggio, Andrea
|9 282493
|
| 773 |
0 |
|
|0 29000
|9 29000
|a Re, Dino
|d Caracas Actualidades Médico Odontológicas Latinoamérica 1998
|o 29000
|w 29000
|x 1315-7272
|t Journal of Endodontics Practice Edición en Español
|6 29000
|
| 852 |
|
|
|a UC-SALUD
|c ESTANTERIA ABIERTA
|f Compra
|k luis.contrerase
|l 1
|m General
|p 20111122
|r 1
|b 0
|d CDRS
|e CDRS
|g 617.605 ESTANTERIA ABIERTA
|z 2011-11-12
|
| 942 |
|
|
|c SERA
|
| 999 |
|
|
|c 108851
|d 108851
|